Prueba de Mauritania - Estadísticas

Estadísticas generales
  • Esta prueba ha sido intentada 809 veces
  • La puntuación promedio es 10 de 14
Estadísticas de respuestas
Pista Respuesta % Correcto
Desierto que cubre la mayor parte de Mauritania Sahara
95%
País del que Mauritania se independizó en 1960 Francia
90%
El país más grande y más poblado que limita con Mauritania Argelia
89%
Idioma oficial Árabe
87%
País que limita con Mauritania al sur, y también el nombre del río que forma la frontera Senegal
85%
Mauritania fue el último país del mundo en abolir legalmente la _______ en 1981, pero todavía se practica hoy en día Esclavitud
83%
Al número entero más cercano, el porcentaje de mauritanos que son musulmanes 100%
81%
La región disputada que limita con Mauritania Sahara Occidental
76%
Capital Nuakchot
75%
Región de África en que se encuentra Mauritania (Empieza con M) Magreb
63%
El metal que representa el 45% de las exportaciones Hierro
51%
"Mauretania" era en realidad una provincia de este imperio y estaba situada más al norte Imperio {Romano}
51%
Significado del nombre de Mauritania (pista: un grupo étnico vagamente definido) Tierra de los {Moro}s
38%
Significado del nombre de la capital Lugar de los {vientos}
18%
No se encontraron pruebas coincidentes
Distribución de puntuación
Porcentaje de gente con cada puntuación
Porcentaje por número respondido
Historial de tus puntuaciones
No has intentado esta prueba.